000 01209cam a22003254i 4500
001 12160108
003 EG-ScBUE
005 20250720112554.0
008 000831s2001 enka f b 001 0 eng d
020 _a0582382106 (pbk.)
020 _a9780582382107 (pbk.)
040 _aEG-ScBUE
_beng
_erda
_cEG-ScBUE
_dEG-ScBUE
082 0 4 _a541.220113
_222
_bLEA
100 1 _aLeach, Andrew R.,
_923032
_eauthor.
245 1 0 _aMolecular modelling :
_bprinciples and applications /
_cAndrew R. Leach, Glaxo Wellcome Research and Development.
250 _aSecond edition.
264 1 _aHarlow, England :
_bPearson/Prentice Hall,
_c2001.
300 _axxiii, 744 pages :
_billustrations (some color) ;
_c24 cm
336 _2rdacontent
_atext
_btxt
337 _aunmediated
_2rdamedia
_bn
338 _avolume
_bnc
_2rdacarrier
500 _aIncludes Appendices.
504 _aIncludes bibliographical references and index.
650 7 _aMolecular structure
_xComputer simulation.
_923033
_2BUEsh
650 7 _aMolecules
_xModels
_xComputer simulation.
_923034
_2BUEsh
653 _cApril2011
655 _vReading book
856 _3Use the online resources for this book
_uhttp://www.booksites.net
942 _2ddc
_cBB
999 _c15106
_d15106